|
|
|
|
| LEADER |
00971nam a2200253 a 4500 |
| 001 |
00007735 |
| 008 |
110714r20001984mdua b 001 0 eng d |
| 010 |
|
|
|a 82002510
|
| 020 |
|
|
|a 0716780690
|
| 040 |
|
|
|a DLC
|c DLC
|d DLC
|d BD-DhAAL
|
| 082 |
0 |
0 |
|a 001.64
|2 19
|
| 100 |
1 |
|
|a Ullman, Jeffrey D.,
|d 1942-
|
| 245 |
1 |
0 |
|a Principles of database systems /
|c Jeffrey D. Ullman.
|
| 250 |
|
|
|a 2nd ed.
|
| 260 |
|
|
|a Rockville, Md. :
|b Computer Science Press ;
|a New Delhi :
|b Galgotia Publication,
|c 1984.[Reprinted 2000]
|
| 300 |
|
|
|a vii, 484 p. :
|b ill. ;
|c 24 cm.
|
| 504 |
|
|
|a Includes bibliography: p. [451]-473 and index
|
| 500 |
|
|
|a Includes index.
|
| 541 |
1 |
|
|e 00007735
|
| 650 |
|
0 |
|a Database management.
|
| 740 |
0 |
|
|a Database systems.
|
| 852 |
4 |
|
|a Ayesha Abed Library
|j General shelf
|
| 999 |
|
|
|c 11085
|d 11085
|
| 952 |
|
|
|0 0
|1 0
|4 0
|6 001_640000000000000_ULL
|7 0
|9 17460
|a BRACUL
|b BRACUL
|c GEN
|d 2011-07-15
|l 1
|m 1
|o 001.64 ULL
|p 3010007735
|r 2016-02-18
|s 2016-02-03
|t 1
|w 2011-07-15
|y BK
|x Available
|